UITU Library & LRC     

System Logs and memory resident software (Record no. 33483)

MARC details
000 -LEADER
fixed length control field 00621nam a2200145Ia 4500
008 - FIXED-LENGTH DATA ELEMENTS--GENERAL INFORMATION
fixed length control field 260210s9999 xx 000 0 und d
024 ## - OTHER STANDARD IDENTIFIER
Standard number or code 19B-090-SE, 19B-098-SE, 19B-117-SE, 19B-101-SE & 18B-110-SE
100 ## - MAIN ENTRY--PERSONAL NAME
Personal name Muhammad Zohaib Khan, Saqib Sarfaraz, Muhammad Ahmed Raza, Muhammad Zeeshan & Hammad Khan
110 ## - MAIN ENTRY--CORPORATE NAME
Corporate name or jurisdiction name as entry element Umair Khan
245 #0 - TITLE STATEMENT
Title System Logs and memory resident software
260 ## - PUBLICATION, DISTRIBUTION, ETC.
Place of publication, distribution, etc. Karachi:
Name of publisher, distributor, etc. UITU,
Date of publication, distribution, etc. 2019
600 ## - SUBJECT ADDED ENTRY--PERSONAL NAME
Personal name Software engineering
650 ## - SUBJECT ADDED ENTRY--TOPICAL TERM
Topical term or geographic name entry element Bachelor of Engineering (BE)
856 ## - ELECTRONIC LOCATION AND ACCESS
Uniform Resource Identifier <a href="https://drive.google.com/file/d/1FYZ2zUpKXCncKYDCr3xTyU6ojaNkOBgV/view?usp=sharing">https://drive.google.com/file/d/1FYZ2zUpKXCncKYDCr3xTyU6ojaNkOBgV/view?usp=sharing</a>
Link text Click here for PDF

No items available.

Powered by Koha